| 000 | 00496nam a2200205Ia 4500 | ||
|---|---|---|---|
| 008 | 170918s9999 xx 000 0 und d | ||
| 020 | _a9780439725262 | ||
| 050 | _bB852 1972 | ||
| 100 | _aBridwell, Norman | ||
| 245 | _aClifford the small red puppy / | ||
| 245 | _cNorman Bridwell. | ||
| 260 | _aNew York : | ||
| 260 | _bScholastic, | ||
| 260 | _c1972 | ||
| 300 | _aunpaged : | ||
| 300 | _bcolored illustration ; | ||
| 300 | _c21cm. | ||
| 440 | _aBeginner readers. | ||
| 500 | _a330 | ||
| 999 |
_c341321 _d341321 |
||